<?xml version="1.0" encoding="UTF-8"?>
<collection xmlns="http://www.loc.gov/MARC21/slim">
 <record>
  <leader>00831pamaa2200205   4500</leader>
  <controlfield tag="001">0000053995</controlfield>
  <controlfield tag="005">20161012090000.0</controlfield>
  <controlfield tag="008">161012s2012                     malay</controlfield>
  <datafield tag="020" ind1="0" ind2="0">
   <subfield code="a">9789674120962 (Audio CD) </subfield>
  </datafield>
  <datafield tag="090" ind1="0" ind2="0">
   <subfield code="a">PL5065 </subfield>
   <subfield code="b">MOD 2012</subfield>
  </datafield>
  <datafield tag="245" ind1="1" ind2="0">
   <subfield code="a">Modul komunikasi Bahasa Melayu antarabangsa [</subfield>
   <subfield code="m">Audio CD]  </subfield>
   <subfield code="c">disunting oleh Zarina Othman, Roosfa Hashim, Rusdi Abdullah.</subfield>
  </datafield>
  <datafield tag="260" ind1="0" ind2="0">
   <subfield code="a">Bangi, Selangor: </subfield>
   <subfield code="b">Penerbit Universiti Kebangsaan Malaysia, </subfield>
   <subfield code="c">2012.</subfield>
  </datafield>
  <datafield tag="300" ind1=" " ind2=" ">
   <subfield code="a">1 Audio CD; </subfield>
   <subfield code="c">4.5 inches.</subfield>
  </datafield>
  <datafield tag="500" ind1="0" ind2="0">
   <subfield code="a">To accompany with book titled &quot;Modul Komunikasi Bahasa Melayu Antarabangsa / Zarina Othman, Roosfa Hashim, Rusdi Abdullah &quot;</subfield>
  </datafield>
  <datafield tag="501" ind1="0" ind2="0">
   <subfield code="a">MPU</subfield>
  </datafield>
  <datafield tag="650" ind1="0" ind2="0">
   <subfield code="a">Malay language -- </subfield>
   <subfield code="x">Conversation and phrase books </subfield>
  </datafield>
  <datafield tag="700" ind1="1" ind2="0">
   <subfield code="a">Zarina Othman </subfield>
  </datafield>
  <datafield tag="700" ind1="1" ind2="0">
   <subfield code="a">Roosfa Hashim </subfield>
  </datafield>
  <datafield tag="700" ind1="1" ind2="0">
   <subfield code="a">Rusdi Abdullah </subfield>
  </datafield>
  <datafield tag="901" ind1=" " ind2=" ">
   <subfield code="u">http://www.ukm.my/penerbit</subfield>
  </datafield>
 </record>
</collection>
